Nuevo atlas universal de bolsillo: 112 mapas de todos los paises del mundo, vistas de las ciudades y paisajes más notables, texto explicativo
Guardado en:
| Autor principal: | |
|---|---|
| Formato: | Libro |
| Lenguaje: | español |
| Publicado: |
Novara
Instituto Geográfico de Agostini
1931
|
| Materias: | |
| Etiquetas: |
Agregar Etiqueta
Sin Etiquetas, Sea el primero en etiquetar este registro!
|
MARC
| LEADER | 00000nam a2200000 a 4500 | ||
|---|---|---|---|
| 001 | UCI6428 | ||
| 003 | CL-VaPUC | ||
| 008 | 080509e19310000IT |||||||||||||||||spa|d | ||
| 082 | 0 | 4 | |a 912 |b VIS |2 21 |
| 100 | 0 | |a Visintin, Luis |e author |9 529346 | |
| 245 | 1 | 0 | |a Nuevo atlas universal de bolsillo: 112 mapas de todos los paises del mundo, vistas de las ciudades y paisajes más notables, texto explicativo |
| 300 | |a 112 p | ||
| 942 | |c BK | ||
| 945 | |d 20080509 00:00:00 |a rbrito | ||
| 260 | |a Novara |b Instituto Geográfico de Agostini |c 1931 | ||
| 500 | |a Donación Padres Capuchinos | ||
| 650 | 0 | |a Atlas |9 260843 | |
| 650 | 0 | |a Mapas |9 260844 | |
| 650 | 0 | |a Cartografía |9 266055 | |
| 650 | 0 | |a Geografía |9 259346 | |
| 583 | |a last modification |c 20080509 00:00:00 |k Rodrigo Vera | ||
| 999 | |c 329939 |d 329937 | ||
| 952 | |0 0 |1 0 |4 0 |6 912_000000000000000_VIS_1931 |7 0 |8 X |9 415181 |a FDOBUD |b FDOBUD |d 2019-11-22 |i 4437780 |o 912 VIS 1931 |p 4437780 |r 2019-11-22 |w 2019-11-22 |y BK_X |k BUD | ||